通信交換で進化するポケモン - Statistics

General Stats
  • This quiz has been taken 239 times
  • The average score is 13 of 26
Answer Stats
進化前 進化先 備考 % Correct
ゴースト ゲンガー
90%
ゴーリキー カイリキー
82%
ユンゲラー フーディン
78%
ストライク ハッサム メタルコート
67%
ポリゴン ポリゴン2 アップグレード
66%
チョボマキ アギルダー カブルモと交換
63%
ゴローン ゴローニャ
62%
イワーク ハガネール メタルコート
61%
カブルモ シュバルゴ チョボマキと交換
61%
ポリゴン2 ポリゴンZ あやしいパッチ
61%
ブーバー ブーバーン マグマブースター
58%
エレブー エレキブル エレキブースター
57%
ヤドン ヤドキング おうじゃのしるし(ガラルのすがたを除く)
49%
サイドン ドサイドン プロテクター
49%
サマヨール ヨノワール れいかいのぬの
48%
ニョロゾ ニョロトノ おうじゃのしるし
40%
ヒンバス ミロカロス きれいなウロコ
38%
シードラ キングドラ りゅうのウロコ
36%
ドテッコツ ローブシン
36%
ガントル ギガイアス
35%
パールル ハンテール しんかいのキバ
33%
パールル サクラビス しんかいのウロコ
33%
シュシュプ フレフワン においぶくろ
31%
ペロッパフ ペロリーム ホイップポップ
31%
ボクレー オーロット
28%
バケッチャ パンプジン
27%
No matching quizzes found
Score Distribution
Percent of People with Each Score
Percentile by Number Answered
Your Score History
You have not taken this quiz